Basic Digital Electronics : Understanding number systems, boolean algebra, & and logic circuits

Bewaard in:
Bibliografische gegevens
Hoofdauteur: Ryan, Ray
Formaat: Boek
Taal:Undetermined
Gepubliceerd in: Blue Ridge Submit Tab Books Inc. 1975
Onderwerpen:
Tags: Voeg label toe
Geen labels, Wees de eerste die dit record labelt!
Thư viện lưu trữ: Trung tâm Học liệu Trường Đại học Cần Thơ
LEADER 00562nam a2200193Ia 4500
001 CTU_82594
008 210402s9999 xx 000 0 und d
082 |a 621.3851 
082 |b R988 
100 |a Ryan, Ray 
245 0 |a Basic Digital Electronics : 
245 0 |b Understanding number systems, boolean algebra, & and logic circuits 
245 0 |c Ray Ryan 
260 |a Blue Ridge Submit 
260 |b Tab Books Inc. 
260 |c 1975 
650 |a Digital electronic 
904 |i QHieu (sửa) 
980 |a Trung tâm Học liệu Trường Đại học Cần Thơ